An evolutionary theory of economic change

Guardat en:
Dades bibliogràfiques
Autors principals: Nelson, Richard R. (Autor), Winter, Sidney G (Autor)
Format: Llibre
Idioma:anglès
Publicat: Cambridge Harvard University Press 1982
Matèries:
Etiquetes: Afegir etiqueta
Sense etiquetes, Sigues el primer a etiquetar aquest registre!

MARC

LEADER 00000cam a2200000 a 4500
001 UCF7158
003 CL-VaPUC
008 130613e19820000US |||||||||||||||||eng|d
020 |a 0674272285 
082 0 4 |a 338.9001  |b NEL  |2 21 
100 |a Nelson, Richard R.  |e author  |9 569146 
700 0 |a Winter, Sidney G  |e author  |9 569147 
245 1 3 |a An evolutionary theory of economic change 
300 |a 437 p 
942 |c BK 
945 |d 20130613 00:00:00  |a dcastane 
260 |a Cambridge  |b Harvard University Press  |c 1982 
650 0 |a Economía   |9 255568 
650 0 |a Cambio organizacional   |9 260741 
650 0 |a Desarrollo económico y social   |9 256320 
583 |a last modification  |c 20130613 14:21:00  |k Rodrigo Vera 
999 |c 352077  |d 352075 
952 |0 0  |1 0  |4 0  |6 338_900100000000000_NEL_1982  |7 0  |8 A  |9 456607  |a BIBING  |b BIBING  |d 2019-11-22  |i 4978811  |o 338.9001 NEL 1982  |p 4978811  |r 2025-01-20  |w 2019-11-22  |y BK  |k EII